logo

Bir Sreshtho Munshi Abdur Rouf Library
Jhenaidah Cadet College

বাংলাদেশ ও নতুন বিশ্ব / (Record no. 7665)

MARC details
000 -LEADER
fixed length control field 00699nam a22002177a 4500
001 - CONTROL NUMBER
JCCL Control Number 7665
003 - CONTROL NUMBER IDENTIFIER
JCCL marc code BD-JhCC
005 - DATE AND TIME OF LATEST TRANSACTION
control field 20180212193739.0
008 - FIXED-LENGTH DATA ELEMENTS--GENERAL INFORMATION
fixed length control field 180212b2004 bg ||||| |||| 00| 0 ben d
035 ## - SYSTEM CONTROL NUMBER
system control number (BD-JhCC)7665
040 ## - CATALOGING SOURCE
Original cataloging agency BD-JhCC
Modifying agency BD-JhCC
041 ## - LANGUAGE CODE
Language code of Book ben
082 ## - DEWEY DECIMAL CLASSIFICATION NUMBER
Classification number 001
Author mark and Year HOS 2004
100 ## - MAIN ENTRY--PERSONAL NAME
Personal name হোসেন, মোহাম্মদ শাহাদত
245 ## - TITLE STATEMENT
Title বাংলাদেশ ও নতুন বিশ্ব /
Statement of responsibility, etc মোহাম্মদ শাহাদত হোসেন
260 ## - PUBLICATION, DISTRIBUTION, ETC. (IMPRINT)
Place of publication, distribution, etc ঢাকাঃ
Name of publisher, distributor, etc প্রফেসরস প্রকাশন
Date of publication, distribution, etc 2004
300 ## - PHYSICAL DESCRIPTION
Pagination 648 p. :
Dimensions 22 cm.
650 ## - SUBJECT ADDED ENTRY--TOPICAL TERM
Topical term or geographic name as entry element General Knowledge
942 ## - ADDED ENTRY ELEMENTS (KOHA)
Source of classification or shelving scheme Dewey Decimal Classification
Koha item type Books
Holdings
Source of classification or shelving scheme Damaged status Not for loan Home library Current library Shelving location Date of accession Cost, normal purchase price Total Checkouts Full call number Barcode Date last seen Date checked out Copy number Koha item type
Dewey Decimal Classification     JCC Rouf Library JCC Rouf Library General Stacks 02/12/2018 195.00 1 001 HOS 2004 10282 06/03/2024 04/22/2024 C-2 Books

JCC Library | Contacts | JCC Home

Last Update on 23 September 2017
Copyright @ 2017-2020 JCC Rouf Library
Rouf Library, Jhenidah Cadet College (JCC), Bangladesh